000 00669nam a22002057a 4500
999 _c6101
_d6101
003 AR-CdUCM
008 190313b ||||| |||| 00| 0 spa d
040 _aMUNICIPALIDAD PROVINCIAL DEL CUSCO
_cBIBLIOTECA MUNICIPAL DEL CUSCO
082 _a869.56 /
_bR84
100 _aRose, Juan Gonzalo
_914589
245 _aLas comarcas /
260 _aLima :
_bIndustrias gráficas,
_c1964.
300 _a101 paginas ;
_c20 cm.
500 _aDonación de la familia Nieto
505 _aLos puertos -- Las almas -- La proclama del pastor -- Huayno del Uru -- Las islas ...
650 _aPoesías peruanas
_91481
650 _aSiglo XX.
_98
942 _2ddc
_cLIBROS
945 _aacv